Schools with an NCAA Final Four Appearance - Statistics

General Stats
  • This quiz has been taken 2,247 times
    398 since last reset
  • The average score is 56 of 95
Answer Stats
# School % Correct
17 Duke
97%
21 North Carolina
97%
18 UCLA
96%
17 Kentucky
94%
18 Kansas
92%
6 Michigan
91%
3 Texas
90%
5 Florida
88%
10 Michigan State
88%
7 Connecticut
85%
1 Alabama
82%
8 Indiana
82%
10 Ohio State
82%
2 Oregon
82%
2 USC
82%
3 Virginia
80%
4 Arizona
78%
1 Georgia
78%
4 N.C. State
78%
1 Florida State
77%
3 Purdue
77%
1 Texas Tech
77%
5 Oklahoma
76%
1 Washington
76%
2 Gonzaga
75%
4 LSU
75%
1 Miami
75%
1 Auburn
74%
5 Illinois
74%
6 Villanova
74%
6 Syracuse
73%
4 Wisconsin
73%
3 California
72%
3 Iowa
72%
6 Arkansas
71%
8 Louisville
71%
1 Pennsylvania
71%
3 Baylor
70%
6 Houston
70%
2 Maryland
70%
1 South Carolina
69%
1 Iowa State
68%
2 Oregon State
67%
4 Kansas State
66%
4 Utah
66%
2 Colorado
65%
6 Oklahoma State
65%
2 Georgia Tech
64%
1 San Diego State
63%
2 Stanford
63%
1 Penn State
62%
1 Washington State
62%
4 UNLV
61%
5 Georgetown
59%
1 Notre Dame
57%
2 St. John's
57%
2 Loyola Chicago
56%
2 West Virginia
56%
1 Wake Forest
55%
1 Mississippi State
53%
1 Pittsburgh
53%
1 Florida Atlantic
52%
3 Marquette
51%
1 Rutgers
50%
1 Memphis
49%
1 New Mexico State
48%
1 Princeton
48%
2 Butler
47%
1 Indiana State
45%
6 Cincinnati
44%
1 Wyoming
44%
1 UTEP
43%
1 Virginia Commonwealth
41%
3 San Francisco
39%
2 Providence
38%
2 Temple
38%
1 SMU
37%
2 Wichita State
34%
1 George Mason
33%
2 DePaul
31%
1 Seton Hall
30%
1 Dayton
28%
2 NYU
26%
2 La Salle
23%
2 CCNY
22%
2 Holy Cross
22%
2 Dartmouth
20%
1 Drake
18%
1 Charlotte
15%
1 Duquesne
15%
1 Santa Clara
14%
1 Seattle
14%
2 Bradley
13%
1 Jacksonville
12%
1 St. Bonaventure
11%
No matching quizzes found
Score Distribution
Percent of People with Each Score
Percentile by Number Answered
Your Score History
You have not taken this quiz since the last reset